书目信息 |
| 题名: |
英语外来语词典
|
|
| 作者: | Mawson 著 ;沈叙伦 编译 | |
| 分册: | ||
| 出版信息: | 北京 北京语言文化大学出版社 1990.04 |
|
| 页数: | 284页 | |
| 开本: | 19cm | |
| 丛书名: | ||
| 单 册: | ||
| 中图分类: | H313.5-61 | |
| 科图分类: | ||
| 主题词: | 英语--外来语 | |
| 电子资源: | ||
| ISBN: | 7-5619-0079-1 | |
| 000 | 00626nam0 2200205 45 | |
| 001 | 0504190937 | |
| 005 | 20050419151207.2 | |
| 010 | @a7-5619-0079-1@dCNY4.95 | |
| 100 | @a20050419d1990 km y0chiy0120 ea | |
| 101 | 0 | @achi |
| 105 | @a z 000yy | |
| 200 | 1 | @a英语外来语词典@AYing Yu Wai Lai Yu Ci Dian@fStkvester Mawson著@FStkvester Mawson Zhu@g沈叙伦编译 |
| 210 | @a北京@c北京语言文化大学出版社@d1990.04 | |
| 215 | @a284页@d19cm | |
| 606 | 0 | @a英语@x外来语 |
| 690 | @aH313.5-61@v3 | |
| 701 | 0 | @aMawson@4著 |
| 702 | 0 | @a沈叙伦@AShen Xu Lun@4编译 |
| 801 | @aCN@bPftUser@c20050419 | |
| 905 | @f2@b236515-516@dH313.5-61@e161 | |
| 英语外来语词典/Stkvester Mawson著/沈叙伦编译.-北京:北京语言文化大学出版社,1990.04 |
| 284页;19cm |
| ISBN 7-5619-0079-1:CNY4.95 |
| ● |
| 相关链接 |
|
|
|
|
正题名:英语外来语词典
索取号:H313.5-61/161
 
预约/预借
| 序号 | 登录号 | 条形码 | 馆藏地/架位号 | 状态 | 备注 |
| 1 | 0236515 | 001380669 | 密集书库/ [索取号:H313.5-61/161] | 在馆 | |
| 2 | 0236516 | 001380598 | 密集书库/ [索取号:H313.5-61/161] | 在馆 | |
| 3 | 0236517 | 001380623 | 第二样本阅览室/ [索取号:H313.5-61/161] | 在馆 |